000 01223cam a22003374a 4500
999 _c7010
_d7010
001 16582766
003 GZU
005 20210504115030.0
008 101217s2011 cau b 001 0 eng
010 _a 2010052892
020 _a9781412974172 (cloth)
040 _aDLC
_cDLC
_dDLC
050 0 0 _aH62 SAG 2011
_b.H2455 2011
082 0 0 _a001.4/2
_222
245 0 4 _aThe Sage handbook of qualitative research /
_cedited by Norman K. Denzin, Yvonna S. Lincoln.
246 3 0 _aHandbook of qualitative research
250 _a4th ed.
260 _aThousand Oaks :
_bSage,
_cc2011.
300 _axvi, 766 p. ;
_c29 cm.
500 _aIncludes bibliography
504 _aIncludes bibliographical references and indexes.
600 _2Qualitative research
650 0 _aSocial sciences
_xResearch.
650 0 _aQualitative research.
700 1 _aDenzin, Norman K.
700 1 _aLincoln, Yvonna S.
856 4 1 _3Table of contents only
_uhttp://www.loc.gov/catdir/toc/fy12pdf01/2010052892.html
906 _a7
_bcbc
_corignew
_d1
_eecip
_f20
_gy-gencatlg
942 _2lcc
_cBK
_e4th ed.
_h62
_iSAG
_kH